Central Library OPAC University of Rajshahi

The Characteristics of electrical discharges in magnetic fields / (Record no. 8964)

MARC details
000 -LEADER
fixed length control field 00924cam a2200253 a 4500
001 - CONTROL NUMBER
control field 8964
003 - CONTROL NUMBER IDENTIFIER
rucl marc code BD-RjUL
005 - DATE AND TIME OF LATEST TRANSACTION
control field 20211208234705.0
008 - FIXED-LENGTH DATA ELEMENTS--GENERAL INFORMATION
fixed length control field 140120t1949 nyua b 001 0 eng d
035 ## - SYSTEM CONTROL NUMBER
System control number (BD-RjUL)9009
040 ## - CATALOGING SOURCE
Original cataloging agency NUN
Language of cataloging eng
Transcribing agency NUN
Modifying agency AMG
-- BD-RjUL
041 ## - LANGUAGE CODE
Language code of text/sound track or separate title eng
082 04 - DEWEY DECIMAL CLASSIFICATION NUMBER
Classification number 537.53
Edition number 16
Author mark and year CHA 1949
245 04 - TITLE STATEMENT
Title The Characteristics of electrical discharges in magnetic fields /
Statement of responsibility, etc. edited by A. Guthrie and R.K. Wakerling.
250 ## - EDITION STATEMENT
Edition statement 1st ed.
260 ## - PUBLICATION, DISTRIBUTION, ETC. (IMPRINT)
Place of publication, distribution, etc. New York :
Name of publisher, distributor, etc. McGraw-Hill,
Date of publication, distribution, etc. c1949.
300 ## - PHYSICAL DESCRIPTION
Pagination xviii, 376 p. :
Illustrations ill. ;
Size 24 cm.
504 ## - BIBLIOGRAPHY, ETC. NOTE
Bibliography, etc Includes bibliographical references and index.
650 #0 - SUBJECT ADDED ENTRY--TOPICAL TERM
Topical term or geographic name as entry element Electric discharges through gases.
9 (RLIN) 27833
700 1# - ADDED ENTRY--PERSONAL NAME
Personal name Guthrie, Andrew,
Dates associated with a name 1915-
Personal name Wakerling, R. K.
Fuller form of name (Raymond Kornelious),
Dates associated with a name 1914-
942 ## - ADDED ENTRY ELEMENTS (KOHA)
Source of classification or shelving scheme Dewey Decimal Classification
Koha item type Books
Holdings
Lost status Source of classification or shelving scheme Damaged status Not for loan Collection code Permanent Location Current Location Shelving location Date acquired Source of acquisition Cost, normal purchase price Total Checkouts Full call number Date last seen Copy number Koha item type
  Dewey Decimal Classification     Non-fiction Central Library, University of Rajshahi Central Library, University of Rajshahi   02/01/1959 Macgraw hill book 4.50   537.53 CHA 1949 20/01/2014 C-1 Books